header

Public management of society (Record no. 208709)

MARC details
000 -LEADER
fixed length control field 01460nam a22003494a 4500
082 04 - DEWEY DECIMAL CLASSIFICATION NUMBER
Classification number 351.44
100 1# - MAIN ENTRY--AUTHOR NAME
Personal name Eyden, Ton van der,
245 10 - TITLE STATEMENT
Title Public management of society
260 ## - PUBLICATION, DISTRIBUTION, ETC. (IMPRINT)
Place of publication Amsterdam ;
-- Washington :
Name of publisher IOS Press/Ohmsha,
Year of publication c2003.
300 ## - PHYSICAL DESCRIPTION
Number of Pages xii, 640 p.
500 ## - GENERAL NOTE
General note CD-ROM contains appendix.
650 #0 - SUBJECT ADDED ENTRY--TOPICAL TERM
Topical Term Public administration
856 40 - ELECTRONIC LOCATION AND ACCESS
Uniform Resource Identifier http://site.ebrary.com/lib/rucke/Doc?id=10116440

No items available.

© 2026 Rongo University
Contact us: librarian | system librarian | Rongo university